00656nam a22001934a 450000500170000000800410001701000140005802000260007203500130009803700150011104000180012608200160014410000150016024501170017526000420029227000870033430000220042150000190044320090806133551.0000615s2001 nyu b 001 0 eng  aENG-94640 a9788170493402c495.00 aEN-78173 bDBAD / PUB adplbEnglish  a303.6230954 aRai, V.N.  aCombating communal conflict:cby V.N. Rai bperception of police neutrality during Hindu-Muslim riots in India / aNew Delhi bManas Publications c2008 a4402/5, Main Ansari Road, (Adjacent Bank of Baroda) Darya GanjbNew Delhi e110002 a167p. c23cm(Hb)  aIncludes index